000 00191 a2200097 4500
020 _a9788434809079
041 _aspa
100 _aMateos, Pilar
245 _aHistorias de ninguno
942 _cBK
999 _c29802
_d29800